|
|
|
|
| LEADER |
01007nam a2200277 a 4500 |
| 001 |
411 |
| 003 |
BD-DhAAL |
| 005 |
20150316111635.0 |
| 008 |
150316s1994 nyua 001 0 eng |
| 010 |
|
|
|a 93029808
|
| 020 |
|
|
|a 047153501X (acidfree paper) :
|c $17.50
|
| 040 |
|
|
|a DLC
|c DLC
|d DLC
|d BD-DhAAL
|
| 050 |
0 |
0 |
|a TJ1195
|b .S38 1994
|
| 082 |
0 |
0 |
|a 621.9
|2 20
|
| 100 |
1 |
|
|a Schultz, Mort J.
|9 9727
|
| 245 |
1 |
0 |
|a Repairing & maintaining yard equipment & power tools /
|c Mort Schultz.
|
| 260 |
|
|
|a New York :
|b Wiley,
|c c1994.
|
| 300 |
|
|
|a 192 p. :
|b ill. ;
|c 28 cm.
|
| 500 |
|
|
|a Includes index.
|
| 541 |
|
|
|e 411
|
| 650 |
|
0 |
|a Power tools
|x Maintenance and repair.
|9 9728
|
| 650 |
|
0 |
|a Machinery
|x Maintenance and repair.
|9 9729
|
| 740 |
0 |
|
|a Repairing and maintaining yard equipment and power tools.
|
| 942 |
|
|
|2 ddc
|c BK
|
| 999 |
|
|
|c 34065
|d 34065
|
| 952 |
|
|
|0 0
|1 0
|2 ddc
|4 0
|6 621_900000000000000_SCH
|7 0
|9 53156
|a SCL
|b SCL
|c GEN
|d 2015-03-16
|e Gift: The Asia Foundation
|l 0
|o 621.9 SCH
|p 3020000411
|r 2015-03-16
|t 1
|w 2015-03-16
|y BK
|